000 00720nam a2200229 4500
999 _c715
_d715
001 19213
003 BD-DhUAP
005 20200127112848.0
008 200127r20101991ii ||||| |||| 001 0 eng d
020 _a8170129354
040 _aBD-DhUAP
_bEng
_cBD-DhUAP
_dBD-DhUAP
082 _223
_a327 MUR
100 _aMurty, B. S.
245 _aInternational relations and organisation for law students /
_cB. S. Murty.
260 _aLucknow :
_bEastern book company,
_cc1991 [Reprinted 2010].
300 _axviii, 253 pages ;
_c24 cm.
490 _aSocial science for law students series.
504 _aIncludes bibliographies.
650 _aInternational relations.
650 _aInternational organization.
942 _2ddc
_cBK